Дубянский Владимир Андреевич. По вопросу об обследовании песков Воронежской губ. и в имениях Звегинцова, о значении песков в жиз...

Доступно только в Электронных читальных залах Найти на картеНа карте
RUSMARC
00004812nac2a22002893x 450
0016e5f3a76-4f7f-42b5-8970-0ddced3caa1c
00520211210151130.0
100##$a20211120l19101911k y0rusy50 ca
1010#$arus
102##$aRU
105##$ay z |||||
1222#$ad19101231
$ad19111231
2001#$aДубянский Владимир Андреевич. По вопросу об обследовании песков Воронежской губ. и в имениях Звегинцова, о значении песков в жизни страны, о посылке корректуры отчета. Приложена телеграмма за подписью "Морозов-Дубянский"
$j1910-1911
215##$a15 листов
251##$cДело
300##$aЗаголовок дела на папке: Письма и телеграммы Дубянского Владимира Андреевича - Звегинцеву Ал. Ив. (По вопросу об обследовании песков Воронежской губернии и в имениях Звегинцева, о значении песков в жизни страны, о посылке корректуры отчета и др. Приложена одна телеграмма за подписью Морозов - Дубянский)
300##$aЛисты: 7, 14, 15 - телеграммы
300##$aРукописный текст
330##$aВходит в раздел описи: 1. Письма к А. И. Звегинцову. 3/ Письма имущественно-хозяйственного характера
461#0$1001fc48e33c-c630-4015-85dd-2f2aab656f45
$12001
$aЗвегинцев Александр Иванович, помещик Воронежской губернии, депутат III Государственной думы, член партии "Союз 17 октября"
$1251
$cФонд
$1852
$j932
462#0$1001ddcf82e7-7bd9-4c5e-b7f1-85df8b3febb3
$12001
$aДела постоянного хранения. 1899-1913 гг.
$vД. 508
$1251
$cОпись
$1852
$j1
5171#$aПисьма и телеграммы Дубянского Владимира Андреевича - Звегинцеву Ал. Ив. (По вопросу об обследовании песков Воронежской губернии и в имениях Звегинцева, о значении песков в жизни страны, о посылке корректуры отчета и др. Приложена одна телеграмма за подписью Морозов - Дубянский)
600#1$aЗвегинцев
$bА. И.
$gАлександр Иванович
600#1$aДубянский
$bВ. А.
$gВладимир Андреевич
801#0$aRU
$bGA_RF
801#1$aRU
$bГлавНИВЦ
$c20211120
$2rusmarc
801#2$aRU
$bПБ им. Б.Н. Ельцина
$c20211210
$gRCR
$2rusmarc
852##$aГА РФ
$j508
937##$d171433073
$hГАРФ
035##$aRuPRLIB51062751
856##$uhttp://readingroom.main.prlib.ru/item.aspx?id_node=n171433073&mode=full
Формат отображения